000 01028nas a2200337 4500
001 BR0405477
003 BR-BrBNA
005 20231205104958.0
007 ta
008 230509b bl.|||p| |||| 00| 00por d
040 _aBR-BrBNA
_bpor
_cBiblioteca Nacional de Agricultura
041 _a(Pt)
072 _aL10
100 1 _aRodrigues, A.P.R.
100 1 _aAmorim, C.A.
100 1 _aCosta, S.H.F.
100 1 _aSantos, R.R.
100 1 _aNunes, J.F.
100 1 _aFigueiredo, J.R.
245 1 _aViabilidade do cultivo in vitro de folículos primordiais caprinos após criopreservação em glicerol e etileno glicol
650 _aCAPRINO
650 _aOVÁRIO
650 _aCRIOPRESERVAÇÃO
650 _aGLICERINA
650 _aETILENO
650 _aANÁLISE ESTATÍSTICA
650 _aCULTURA IN VITRO
773 0 _tRevista Brasileira de Reprodução Animal (Brazil)
_xISSN 0102-0803
_g(Jan-Mar 2004), v. 28(1) p. 40-47
_wBR0405477
909 _a202311
_bLúcia
_c55
_dLúcia Elande
942 _2AGRIS
_n0
_cANA
999 _c180606
_d180606